<?xml version="1.0" encoding="UTF-8"?>
<record
    xmlns:xsi="http://www.w3.org/2001/XMLSchema-instance"
    xsi:schemaLocation="http://www.loc.gov/MARC21/slim http://www.loc.gov/standards/marcxml/schema/MARC21slim.xsd"
    xmlns="http://www.loc.gov/MARC21/slim">

  <leader>00906aaa a2200205   4500</leader>
  <controlfield tag="001">768714001</controlfield>
  <controlfield tag="003">CO-MdFUSB</controlfield>
  <controlfield tag="005">20260313113631.0</controlfield>
  <controlfield tag="008">260313t2007    sp  |||| |||| 00| 0 spa d</controlfield>
  <datafield tag="040" ind1=" " ind2=" ">
    <subfield code="b">spa</subfield>
    <subfield code="c">CO-MdFUSB</subfield>
  </datafield>
  <datafield tag="041" ind1=" " ind2=" ">
    <subfield code="a">spa</subfield>
  </datafield>
  <datafield tag="100" ind1="1" ind2=" ">
    <subfield code="a">Balasuriya, Tissa (1924-)</subfield>
    <subfield code="e">autor</subfield>
  </datafield>
  <datafield tag="245" ind1="1" ind2="4">
    <subfield code="a">Las religiones, es especial el cristianismo, ante el futuro</subfield>
    <subfield code="c">/ Tissa Balasuriya</subfield>
  </datafield>
  <datafield tag="300" ind1=" " ind2=" ">
    <subfield code="a">Volumen. 319, (Febrero, 2007), P&#xE1;ginas 17-26</subfield>
  </datafield>
  <datafield tag="520" ind1=" " ind2=" ">
    <subfield code="a">En este art&#xED;culo quiero abordar dos factores b&#xE1;sicos a los que, en general, no se les ha prestado la adecuada atenci&#xF3;n y que est&#xE1;n relacionados con las cuestiones de la vida de los pobres, la vida de la tierra y el futuro de las religiones.</subfield>
  </datafield>
  <datafield tag="650" ind1=" " ind2=" ">
    <subfield code="v">Religiones</subfield>
  </datafield>
  <datafield tag="773" ind1="0" ind2=" ">
    <subfield code="t">Revista internacional de teolog&#xED;a Concilium</subfield>
    <subfield code="0">49450</subfield>
    <subfield code="9">60401</subfield>
    <subfield code="g">Volumen. 319, (Febrero, 2007), P&#xE1;ginas 17-26</subfield>
    <subfield code="q">P&#xE1;ginas 17</subfield>
  </datafield>
  <datafield tag="942" ind1=" " ind2=" ">
    <subfield code="c">ANA</subfield>
  </datafield>
  <datafield tag="945" ind1=" " ind2=" ">
    <subfield code="a">JTF-925</subfield>
  </datafield>
  <datafield tag="999" ind1=" " ind2=" ">
    <subfield code="c">62046</subfield>
    <subfield code="d">62046</subfield>
  </datafield>
</record>
